00361nam a2200133 450000500170000010000430001724500340006026400280009430000180012233600220014033700240016233800240018699900170021020260530115302.01 aT.K. Derry & Trevor I. Williams93134110aA Short History of Technology 1bOxford Paperbacksc1976 a782 páginas atexto2rdacontent asin medio2rdamedia avolumen2rdacarrier c12891d12891